Which clash royale card… #1 - Statistics

General Stats
  • This quiz has been taken 214 times
  • The average score is 7 of 15
Answer Stats
Description Answer % Correct
The only card that costs nine elixir Three musketeers
96%
The only card that can have different elixir cost Mirror
82%
The only card that can shoot a tower without getting hit by it Princess
82%
The only card that can be invisible without any abilities Royal ghost
71%
The only card that can respawn after dying Phoenix
62%
The only card that can give the enemy extra elixir Elixir golem
61%
The only card that can be a troop and a building Cannon cart
57%
The only card that is an air tank Lava hound
56%
The only card that spawns on both sides of the map Royal recruits
47%
The only card that can turn an enemy into a friend Mother witch
41%
The only common card that targets buildings Skeleton barrel
22%
The only card that has passive splash damage Electro giant
19%
The only card that can shoot the same troop twice in one shot Executioner
17%
The only troop that costs more elixir than their horde version. (for example: Minions: 3 elixir < Minion horde: 5 elixir) Elite barbarians
16%
The only troop that counts as a spell Heal spirit
6%
No matching quizzes found
Score Distribution
Percent of People with Each Score
Percentile by Number Answered
Your Score History
You have not taken this quiz